000 00277 a2200121 4500
001 146782
040 _cEscola São Tomás de Aquino
100 _aBANDEIRA, Pedro
240 1 0 _aUm gol de placa
_lpor
245 1 0 _aUm gol de placa
697 _a*LITERATURA INFANTO
942 _cBK
999 _c146782
_d146782